[Event "New York Summer GM-A"]
[Site "New York"]
[Date "2022.07.11"]
[Round "9"]
[White "Williams, Justus D"]
[Black "Lu, Maximillian"]
[Result "0-1"]
[WhiteElo "2390"]
[BlackElo "2398"]
[PlyCount "134"]
[EventDate "2022.07.07"]
[EventType "tourn"]
[EventRounds "9"]
[EventCountry "USA"]
[EventCategory "8"]
[SourceTitle "CBM 209 Extra"]
[Source "ChessBase"]
[SourceDate "2022.09.30"]
[SourceVersion "1"]
[SourceVersionDate "2022.09.30"]
[SourceQuality "1"]

1. Nf3 Nf6 2. c4 b6 3. d4 Bb7 4. Nc3 e6 5. a3 d5 6. Bg5 Be7 7. e3 0-0 8. Rc1 h6 9. Bh4 Nbd7 10. cxd5 exd5 11. Bd3 c5 12. dxc5 bxc5 13. 0-0 Rc8 14. Bf5 g6 15. Bxf6 Bxf6 16. Bh3 Rb8 17. Nxd5 Bxb2 18. Rc2 Nb6 19. Nf4 Qxd1 20. Rxd1 Rfd8 21. Rb1 Na4 22. Nd2 Bc3 23. Nf1 Be4 24. Rxb8 Rxb8 25. Rc1 Rb1 26. Rxb1 Bxb1 27. Nd5 Ba5 28. Bd7 Nb2 29. Ng3 Bd3 30. Ne7+ Kf8 31. Nc6 Be1 32. Bg4 c4 33. Be2 c3 34. Bxd3 Nxd3 35. Nd4 Bxf2+ 36. Kf1 Bxe3 37. Nc2 Bf4 38. Ne2 Be5 39. Ned4 Bxh2 40. Nb5 a6 41. Nxc3 Bd6 42. Ke2 Ne5 43. a4 f5 44. Nd5 Kf7 45. Nd4 Nd7 46. a5 Ne5 47. Nb6 Bb4 48. Nb3 Nc6 49. Nc4 Ke6 50. Kd3 g5 51. Ne3 f4 52. Nc2 Kd5 53. Nxb4+ Nxb4+ 54. Ke2 g4 55. Nd2 Nc6 56. g3 fxg3 57. Nf1 Ke4 58. Nxg3+ Kf4 59. Nh5+ Kg5 60. Ng7 Nxa5 61. Ne6+ Kh4 62. Nc5 Kh3 63. Kf2 Kh2 64. Ne4 h5 65. Ng3 h4 66. Nf1+ Kh3 67. Ne3 Nb3 0-1

[Event "New York Summer GM-A"]
[Site "New York"]
[Date "2022.07.11"]
[Round "8"]
[White "Zhou, Liran"]
[Black "Williams, Justus D"]
[Result "1/2-1/2"]
[WhiteElo "2393"]
[BlackElo "2390"]
[PlyCount "131"]
[EventDate "2022.07.07"]
[EventType "tourn"]
[EventRounds "9"]
[EventCountry "USA"]
[EventCategory "8"]
[SourceTitle "CBM 209 Extra"]
[Source "ChessBase"]
[SourceDate "2022.09.30"]
[SourceVersion "1"]
[SourceVersionDate "2022.09.30"]
[SourceQuality "1"]

1. e4 c5 2. Nf3 e6 3. g3 Nc6 4. Bg2 Nf6 5. Qe2 e5 6. 0-0 d6 7. c3 Be7 8. a4 0-0 9. Na3 Be6 10. d3 Na5 11. Nd2 Qd7 12. Nac4 Nc6 13. Ne3 d5 14. exd5 Nxd5 15. Ndc4 Nxe3 16. Bxe3 Rfd8 17. Rfd1 Bg4 18. Bf3 Bxf3 19. Qxf3 Qe6 20. Rd2 Rd7 21. Rad1 Rad8 22. Qg2 Bf8 23. f4 exf4 24. Bxf4 f6 25. Qf3 Ne7 26. Be3 Nd5 27. Bf2 Qa6 28. a5 Qb5 29. Qf5 Nc7 30. Re1 Qc6 31. Re3 g6 32. Qh3 Rd5 33. Rd1 Qa4 34. Qf1 Qd7 35. Rf3 Qc6 36. Be3 Bg7 37. Bf4 Ne6 38. Re1 Qd7 39. Rfe3 Nxf4 40. gxf4 Bf8 41. Rd1 Bh6 42. Rf3 Qa4 43. Re1 f5 44. Re7 R5d7 45. Rfe3 Bf8 46. Re8 Qc2 47. Rxd8 Rxd8 48. Qf3 Bh6 49. Kh1 b5 50. axb6 axb6 51. Qc6 Qd1+ 52. Kg2 Qg4+ 53. Kh1 Qd1+ 54. Kg2 Qg4+ 55. Kf1 Bxf4 56. Qe6+ Kg7 57. h3 Qd1+ 58. Kg2 Bxe3 59. Qe7+ Kh6 60. Nxe3 Qe2+ 61. Kg1 Qe1+ 62. Kg2 Qe2+ 63. Kg1 Qf3 64. Qh4+ Kg7 65. Qe7+ Kh6 66. Qh4+ 1/2-1/2

[Event "New York Summer GM-A"]
[Site "New York"]
[Date "2022.07.10"]
[Round "6"]
[White "Williams, Justus D"]
[Black "Song, Michael"]
[Result "1/2-1/2"]
[WhiteElo "2390"]
[BlackElo "2409"]
[PlyCount "137"]
[EventDate "2022.07.07"]
[EventType "tourn"]
[EventRounds "9"]
[EventCountry "USA"]
[EventCategory "8"]
[SourceTitle "CBM 209 Extra"]
[Source "ChessBase"]
[SourceDate "2022.09.30"]
[SourceVersion "1"]
[SourceVersionDate "2022.09.30"]
[SourceQuality "1"]

1. d4 d6 2. e4 Nf6 3. Nc3 c6 4. Nf3 Bg4 5. Be2 e6 6. Be3 d5 7. e5 Nfd7 8. Ng5 Bxe2 9. Qxe2 Be7 10. Qh5 g6 11. Qh6 Bf8 12. Qh3 Bg7 13. 0-0-0 Na6 14. f4 Nc7 15. Bf2 h6 16. Nf3 Nb5 17. Ne2 Qa5 18. Kb1 Na3+ 19. bxa3 Qb5+ 20. Kc1 Qxe2 21. Rd3 Qxf2 22. Re1 c5 23. Rd2 Qxe1+ 24. Nxe1 cxd4 25. Nf3 Nc5 26. Nxd4 Rc8 27. Nb5 0-0 28. Nxa7 Ra8 29. Qe3 Rxa7 30. Qxc5 Rfa8 31. Rd3 Bf8 32. Qb5 Bxa3+ 33. Kd1 Bf8 34. Rc3 b6 35. Qxb6 Rxa2 36. Rc7 R8a4 37. Rc8 Ra8 38. Rc7 R8a4 39. Qb8 Rc4 40. Rxc4 dxc4 41. Qc8 Ra4 42. Qc6 Rb4 43. Ke2 h5 44. Kf3 Kg7 45. c3 Rb3 46. Qxc4 Ra3 47. Ke4 Ra1 48. Qc7 Rh1 49. Qa7 Rxh2 50. Qg1 Rh4 51. Kf3 g5 52. g3 Rg4 53. Qh2 Kh6 54. Qd2 gxf4 55. gxf4 Kg7 56. Qh2 Kh6 57. Qa2 Kg7 58. Qa7 Rg6 59. Qf2 Be7 60. c4 h4 61. c5 Rg3+ 62. Ke4 Rc3 63. Qg2+ Kf8 64. f5 h3 65. Qd2 exf5+ 66. Kxf5 Rxc5 67. Qh6+ Ke8 68. Qh8+ Bf8 69. Qxh3 1/2-1/2

[Event "New York Summer GM-A"]
[Site "New York"]
[Date "2022.07.08"]
[Round "3"]
[White "Khamrakulov, Djurabek"]
[Black "Williams, Justus D"]
[Result "1-0"]
[WhiteElo "2492"]
[BlackElo "2390"]
[PlyCount "75"]
[EventDate "2022.07.07"]
[EventType "tourn"]
[EventRounds "9"]
[EventCountry "USA"]
[EventCategory "8"]
[SourceTitle "CBM 209 Extra"]
[Source "ChessBase"]
[SourceDate "2022.09.30"]
[SourceVersion "1"]
[SourceVersionDate "2022.09.30"]
[SourceQuality "1"]

1. e4 c5 2. c3 d6 3. d4 Nf6 4. Bd3 Nc6 5. Nf3 e5 6. d5 Ne7 7. h3 Ng6 8. c4 Nh5 9. Nc3 Be7 10. g3 Nf6 11. Be3 Bd7 12. Qe2 Qc8 13. Ng1 Bd8 14. f4 exf4 15. gxf4 0-0 16. 0-0-0 Re8 17. Qf3 a6 18. Nge2 b5 19. Bf2 bxc4 20. Bc2 Rb8 21. Rdg1 Qb7 22. Nd1 Ba5 23. Be1 Bxe1 24. Rxe1 Re7 25. Nec3 Ne8 26. e5 dxe5 27. Bxg6 hxg6 28. fxe5 Nc7 29. Rh2 Nb5 30. h4 Rbe8 31. Qf4 Qb8 32. Nxb5 axb5 33. d6 Re6 34. h5 gxh5 35. Rxh5 f6 36. Rg1 fxe5 37. Qg5 g6 38. Qh6 1-0

[Event "Chicago op 31st"]
[Site "Chicago"]
[Date "2022.05.29"]
[Round "6"]
[White "Wang, Jason"]
[Black "Williams, Justus D"]
[Result "1-0"]
[WhiteElo "2273"]
[BlackElo "2417"]
[PlyCount "54"]
[EventDate "2022.05.26"]
[EventType "swiss"]
[EventRounds "9"]
[EventCountry "USA"]
[SourceTitle "CBM 208 Extra"]
[Source "ChessBase"]
[SourceDate "2022.07.31"]
[SourceVersion "1"]
[SourceVersionDate "2022.07.31"]
[SourceQuality "1"]

1. d4 Nf6 2. c4 e6 3. Nf3 b6 4. a3 Bb7 5. Nc3 Be7 6. d5 exd5 7. cxd5 0-0 8. e4 Re8 9. Bd3 c5 10. e5 Bd6 11. 0-0 Bxe5 12. Nxe5 Rxe5 13. Bf4 Re8 14. Nb5 Nxd5 15. Bg3 Bc6 16. Nd6 Rf8 17. Bc4 Nf6 18. Qb3 b5 19. Bxf7+ Kh8 20. Qc2 Na6 21. Ba2 c4 22. b3 cxb3 23. Bxb3 Nd5 24. Rad1 Nac7 25. Rd4 Qg5 26. Qd3 Nf4 27. Rxf4 Rxf4 1-0

[Event "I'M Not A GM Speed Chess"]
[Site "Chess.com INT"]
[Date "2022.05.23"]
[Round "1.16"]
[White "Rensch, Daniel"]
[Black "Williams, Justus D"]
[Result "1-0"]
[WhiteElo "2402"]
[BlackElo "2417"]
[PlyCount "83"]
[EventDate "2022.05.09"]
[EventType "k.o. (blitz)"]
[EventRounds "4"]
[EventCountry "USA"]
[SourceTitle "CBM 209 Extra"]
[Source "ChessBase"]
[SourceDate "2022.09.30"]
[SourceVersion "1"]
[SourceVersionDate "2022.09.30"]
[SourceQuality "1"]

1. e4 e5 2. Nf3 Nc6 3. d4 exd4 4. Nxd4 Bc5 5. Nxc6 Qf6 6. Qd2 Qxc6 7. Nc3 Ne7 8. Bd3 a6 9. 0-0 d6 10. Nd5 Be6 11. c4 Qd7 12. Qg5 Ng6 13. Kh1 0-0 14. f4 f5 15. Bd2 Bd4 16. Rae1 fxe4 17. Bxe4 Bf5 18. Bxf5 Rxf5 19. Ne7+ Nxe7 20. Rxe7 Rxg5 21. Rxd7 Rc5 22. b3 b5 23. Rc1 Re8 24. Bb4 Rc6 25. h4 Bf2 26. h5 Bd4 27. a4 bxa4 28. bxa4 Re4 29. Ba5 Rxf4 30. Kh2 Be5 31. g3 Rfxc4 32. Rf1 h6 33. Rd8+ Kh7 34. Rff8 g5 35. Rd7+ Bg7 36. Rff7 g4 37. Rxg7+ Kh8 38. Rh7+ Kg8 39. Rdg7+ Kf8 40. Rxc7 Rc2+ 41. Kg1 R6c5 42. Rh8# 1-0